| 000 | 00817cam a2200217 4500 | ||
|---|---|---|---|
| 001 | ABS61706 | ||
| 008 | 000000n1999 000 0 eng u | ||
| 035 | _a(Sirsi) u103283 | ||
| 100 | _aDelargy, M. | ||
| 245 | 4 | _aThe problem of the scale | |
| 260 | _c1999 | ||
| 490 |
_aBuilding _v 264(8115) 3 December 1999, 52-53(2) |
||
| 520 | _aLooks at some of the problems which arise from architects and engineers attempt to use electronic data interchange to arrange construction projects, as a result of the wide variety of programs and platforms available. | ||
| 590 | _aABS | ||
| 650 | _aELECTRONIC DATA INTERCHANGE | ||
| 650 | _aELECTRONIC DATA INTERCHANGE | ||
| 650 | _aCONSTRUCTION PROJECTS | ||
| 650 | _aPAPERLESS PROJECTS | ||
| 690 | _aMANAGEMENT-BUSINESS MANAGEMENT-INFORMATION MANAGEMENT | ||
| 942 | _n0 | ||
| 999 |
_c62066 _d62066 |
||